| 000 | 00346 a2200157 4500 | ||
|---|---|---|---|
| 001 | 171546 | ||
| 020 | _a85-305-0195-0 | ||
| 040 | _cMagnum | ||
| 100 | _aRocha, Ruth | ||
| 240 | 1 | 0 |
_aPalavras, muitas palavras... _lpor |
| 245 | 1 | 0 | _aPalavras, muitas palavras... |
| 300 | _a46 | ||
| 362 | 0 | _a1998 | |
| 697 | _aLITERATURA INFANTO | ||
| 942 | _cBK | ||
| 999 |
_c171546 _d171546 |
||